<?xml version="1.0" encoding="UTF-8"?>
<collection xmlns="http://www.loc.gov/MARC21/slim">
 <record>
  <leader>03175naa a2200289 a 4500</leader>
  <controlfield tag="001">1/42890</controlfield>
  <controlfield tag="008">120829s1998    xxua     b    001 0 eng d</controlfield>
  <datafield tag="020" ind1=" " ind2=" ">
   <subfield code="a">9780124756557 (e-book : PDF)</subfield>
  </datafield>
  <datafield tag="035" ind1=" " ind2=" ">
   <subfield code="l">45766</subfield>
  </datafield>
  <datafield tag="040" ind1=" " ind2=" ">
   <subfield code="a">OPELS</subfield>
   <subfield code="c">OPELS</subfield>
   <subfield code="d">GR-PeUP</subfield>
  </datafield>
  <datafield tag="041" ind1="0" ind2=" ">
   <subfield code="a">eng</subfield>
  </datafield>
  <datafield tag="245" ind1="0" ind2="0">
   <subfield code="a">Neurobiology of learning and memory</subfield>
   <subfield code="h">[electronic resource] /</subfield>
   <subfield code="c">edited by Joe L. Martinez, Jr., Raymond P. Kesner.</subfield>
  </datafield>
  <datafield tag="260" ind1=" " ind2=" ">
   <subfield code="a">San Diego :</subfield>
   <subfield code="b">Academic Press,</subfield>
   <subfield code="c">c1998.</subfield>
  </datafield>
  <datafield tag="300" ind1=" " ind2=" ">
   <subfield code="a">Ένα html e-book.</subfield>
  </datafield>
  <datafield tag="500" ind1=" " ind2=" ">
   <subfield code="a">Περιέχει βιβλιογραφία και ευρετήριο.</subfield>
  </datafield>
  <datafield tag="505" ind1="0" ind2=" ">
   <subfield code="a">M.R. Rosenzweig, Historical Perspectives on the Development of the Biology of Learning and Memory. -- J.E. Black and W.T. Greenough, Developmental Approaches to the Memory Process. -- A.J. Silva and K.P. Giese, Gene Targeting: A Novel Window into the Biology of Learning and Memory. -- N.M. White and J.A. Salinas, Pharmacological Approaches to the Study of Learning and Memory. -- C. Sahley and T. Crow, Invertebrate Learning: Current Perspectives. -- J.L. Martinez, Jr., E.J. Barea-Rodriguez, and B.E. Derrick, Long-Term Potentiation, Long-Term Depression, and Learning. -- C.A. Barnes, Memory Changes during Normal Aging: Neurobiological Correlates. -- B.S. Kapp, A.J. Silvestri, and F.A. Guarraci, Vertebrate Models of Learning and Memory. -- F.B. Gershberg and A.P. Shimamura, The Neuropsychology of Human Learning and Memory. -- R.P. Kesner, Neurobiological Views of Memory. -- M.A. Gluck and C.E. Myers, Psychobiological Models of Hippocampal Function in Learning and Memory. -- Index.</subfield>
  </datafield>
  <datafield tag="520" ind1=" " ind2=" ">
   <subfield code="a">Neurobiology of Learning and Memory provides an excellent overview of current information on this fast-growing field of neurobiology. The contents have been structured for use as a course text or as a handy resource for researchers in neuro- and cognitive psychology. It discusses learning and memory from developmental, pharmacological, and psychobiological perspectives, as well as changes in learning and memory with age. Neurobiology of Learning and Memory also includes research on invertebrates and vertebrates, presenting basics in anatomy and development along with computational models. It is written in an easy-to-follow format with summaries at the end of each chapter. Key Features * Provides an overview of information on the neurobiology of learning and memory * Discusses learning and memory from developmental, pharmacological, and psychobiological perspectives, and changes in learning and memory with age * Includes research on invertebrates and vertebrates * Gives basics on anatomy and development * Written for easy comprehension with chapter summaries.</subfield>
  </datafield>
  <datafield tag="650" ind1=" " ind2="4">
   <subfield code="a">Learning</subfield>
   <subfield code="x">Psychological aspects.</subfield>
  </datafield>
  <datafield tag="650" ind1=" " ind2="4">
   <subfield code="a">Memory</subfield>
   <subfield code="x">Physiological aspects.</subfield>
  </datafield>
  <datafield tag="650" ind1=" " ind2="4">
   <subfield code="a">Neurobiology.</subfield>
  </datafield>
  <datafield tag="655" ind1=" " ind2="4">
   <subfield code="a">Electronic books.</subfield>
  </datafield>
  <datafield tag="700" ind1="1" ind2=" ">
   <subfield code="a">Martinez, Joe L.</subfield>
  </datafield>
  <datafield tag="700" ind1="1" ind2=" ">
   <subfield code="a">Kesner, Raymond P.</subfield>
  </datafield>
  <datafield tag="852" ind1=" " ind2=" ">
   <subfield code="a">INST</subfield>
   <subfield code="b">UNIPILB</subfield>
   <subfield code="c">EBOOKS</subfield>
   <subfield code="e">20120830</subfield>
   <subfield code="p">00b45766</subfield>
   <subfield code="q">00b45766</subfield>
   <subfield code="t">ONLINE</subfield>
   <subfield code="y">0</subfield>
  </datafield>
  <datafield tag="856" ind1="4" ind2="0">
   <subfield code="u">http://www.sciencedirect.com/science/book/9780124756557</subfield>
  </datafield>
  <datafield tag="856" ind1="4" ind2="1">
   <subfield code="3">Table of contents</subfield>
   <subfield code="u">http://www.loc.gov/catdir/toc/els032/98084370.html</subfield>
  </datafield>
  <datafield tag="856" ind1="4" ind2=" ">
   <subfield code="d">/webopac/covers/03/45766_9780124756557.jpg</subfield>
   <subfield code="z">(e-book : PDF)</subfield>
  </datafield>
 </record>
</collection>
